The effective executive

Bibliographic Details
Main Author: DRUCKER 1909-
Format: Book
Published: New York, USA : HarperBusiness , 1993
Series:Harper colophon books
Subjects:

MARC

LEADER 00000cam a2200000 7i4500
001 0000000101
005 20000717.0
020 0 0 |a 887306128 
090 0 0 |a 658.4   |b DRU 1993 
100 1 0 |a DRUCKER   |h Peter Ferdinand   |c 1909- 
245 1 4 |a The effective executive   |c Peter F. Drucker 
260 0 0 |a New York, USA :   |b HarperBusiness ,   |c 1993 
300 |a viii, 178 p. ;   |c 21 cm. 
440 0 0 |a Harper colophon books 
500 0 0 |a Includes index 
650 0 0 |a Decision-making 
650 0 0 |a Executives   |z United States 
999 |a 0000001092   |b Monograph   |c Open Shelf   |e Default branch